000 00219nam a2200085Ia 4500
245 0 _aReincarnation
100 _a Weyn, Suzanne New York, [2009]
_986556
942 _cBK
008 210817s9999 xx 000 0 und d
999 _c352225
_d352224